| 000 | 005100000a22001930004500 | ||
|---|---|---|---|
| 001 | 000328 | ||
| 003 | MACL | ||
| 005 | 20150715142438.0 | ||
| 008 | 150715b xxu||||| |||| 00| 0 eng d | ||
| 040 |
_aMACL _cMACL |
||
| 041 | _aEnglish | ||
| 082 | _a324.2/KUN | ||
| 100 |
_aKunda, Sima _92203 |
||
| 245 |
_aPersonality And Politics _bA Study Of Political Participation _cSima Kunda |
||
| 260 |
_aCalcutta _c1999 _bMinerva Associates, |
||
| 350 | _a240 | ||
| 650 |
_aPolitical Process _92204 |
||
| 942 |
_k324 _cBK _2ddc |
||
| 999 |
_c330 _d330 |
||